Politische Orientierungen und Handlungsformen von Jugendlichen

Gespeichert in:  
Bibliographische Detailangaben
VerfasserInnen: Melzer, Wolfgang 1948- (Verfasst von) ; Schubarth, Wilfried 1955- (Verfasst von) ; Lukowski, Wojtek (Verfasst von)
Medienart: Druck Aufsatz
Sprache:Deutsch
Veröffentlicht: 1991
In: Deutsch-polnischer Jugendreport
Jahr: 1991, Seiten: 105-133
Verfügbarkeit prüfen: HBZ Gateway
Schlagwörter:

MARC

LEADER 00000caa a22000002c 4500
001 1526061090
003 DE-627
005 20220604105224.0
007 tu
008 160223s1991 xx ||||| 00| ||ger c
020 |a 377990831X 
035 |a (DE-627)1526061090 
035 |a (DE-576)456061096 
035 |a (DE-599)BSZ456061096 
040 |a DE-627  |b ger  |c DE-627  |e rakwb 
041 |a ger 
100 1 |a Melzer, Wolfgang  |d 1948-  |0 (DE-588)131899848  |0 (DE-627)515973424  |0 (DE-576)162197802  |4 aut 
109 |a Melzer, Wolfgang 1948-  |a Melzer, Wolgang 1948- 
245 1 0 |a Politische Orientierungen und Handlungsformen von Jugendlichen  |c Wolfgang Melzer, Wilfried Schubarth, Wojtek Lukowski 
264 1 |c 1991 
336 |a Text  |b txt  |2 rdacontent 
337 |a ohne Hilfsmittel zu benutzen  |b n  |2 rdamedia 
338 |a Band  |b nc  |2 rdacarrier 
700 1 |a Schubarth, Wilfried  |d 1955-  |0 (DE-588)113307896  |0 (DE-627)598844503  |0 (DE-576)169609405  |4 aut 
700 1 |a Lukowski, Wojtek  |4 aut 
773 0 8 |i In  |a Melzer, Wolfgang, 1948 -   |t Deutsch-polnischer Jugendreport  |d Weinheim [u.a.] : Juventa-Verl., 1991  |g (1991), Seite 105-133  |h 191 S.  |w (DE-627)026993287  |w (DE-576)02626191X  |z 377990831X  |7 nnam 
773 1 8 |g year:1991  |g pages:105-133 
935 |a mkri 
951 |a AR 
ELC |b 1 
LOK |0 000 xxxxxcx a22 zn 4500 
LOK |0 001 2899567306 
LOK |0 003 DE-627 
LOK |0 004 1526061090 
LOK |0 005 20251204154236 
LOK |0 008 160208||||||||||||||||ger||||||| 
LOK |0 040   |a DE-21-110  |c DE-627  |d DE-21-110 
LOK |0 689   |a s  |a Jugendliche 
LOK |0 689   |a s  |a Ausländerfeindlichkeit 
LOK |0 689   |a s  |a Nationalismus 
LOK |0 689   |a s  |a Autoritarismus 
LOK |0 689   |a s  |a Zukunftsorientierungen 
LOK |0 689   |a s  |a Politische Einstellungen 
LOK |0 852   |a DE-21-110 
LOK |0 852 1  |m p  |9 00 
LOK |0 935   |a k110 
LOK |0 938   |k p 
LOK |0 939   |a 08-02-16  |b l01 
ORI |a SA-MARC-krimdoka001.raw